000 00834nas a2200265 4500
001 BR9803148
003 BR-BrBNA
005 20231205100814.0
007 ta
008 230509b bl.|||p| |||| 00| 00por d
040 _aBR-BrBNA
_bpor
_cBiblioteca Nacional de Agricultura
041 _a(Pt)
072 _aF40; A01
100 1 _aMargarido, L.A.C.
100 1 _aBeskow, P.R.
245 1 _aAgricultura ecologica para o desenvolvimento sustentavel
650 _aAgricultura Sustentavel
650 _aMeio Ambiente
650 _aDesenvolvimento Sustentavel
650 _aEcologia Vegetal
650 _aCiclo de Vida
773 0 _tInformacoes Economicas - Instituto de Economia Agricola (Brazil)
_xISSN 0100-4409
_g(Mar 1998), v. 28(2) p. 39-43
_wBR9803148
909 _a202311
_bLúcia
_c55
_dLúcia Elande
942 _2AGRIS
_n0
_cANA
999 _c158190
_d158190